000 00579nam a22001817a 4500
003 URS
005 20251029163315.0
008 251029b |||||||| |||| 00| 0 eng d
040 _cURS
100 _aPark, Hong Min
_eAuthor
245 _aRepresentong the Disanvantaged:
_bGroup Interests and Legislator Reputation in US Congress /
300 _apages 100-101
336 _2rdacontent
_atext
_btxt
337 _2rdamedia
_aunmediated
_bn
338 _2rdacarrier
_avolume
_bnc
773 0 _07583
_992999
_oPIL-00323195.138.1
_tPolitical science quarterly:
_x00323195
942 _2ddc
_cCR
999 _c88550
_d88547